000
00332nam a2200145Ia 4500
005
20250401073805.0
008
240331s9999 xx 000 0 und d
082
_b
THI
_a
894
100
_a
Thilakabama
245
0
_a
Koonthal nathik kathikal
260
_a
Chennai
_b
Kaavya
_c
2007
300
_a
113 p .,
650
_a
Poems
942
_c
L
999
_c
4659
_d
4659